| 000 | 00514nam a2200193Ia 4500 | ||
|---|---|---|---|
| 001 | 17863 | ||
| 008 | 171219s1976 ii g b000 u 465 u | ||
| 082 | _a320.954 | ||
| 100 | _aKaul, J.M. . | ||
| 245 | 0 |
_aPublic Relations in India / _cJ.M.Kaul. _hTextual Documents |
|
| 250 | _a1st ed. / | ||
| 260 |
_aCalcutta : _bNaya Prokash , _c1976. |
||
| 300 |
_a216p. ; _c22cm. |
||
| 504 | _aIndex | ||
| 653 | _aPublic Relations-India | ||
| 653 | _aPolitics-India | ||
| 653 | _aT/G-Political science | ||
| 942 |
_2ddc _cBK |
||
| 999 |
_c17845 _d17845 |
||